[Event "Lindores Abbey Tal Blitz 2021"]
[Site "Riga"]
[Date "2021.11.08"]
[Round "5.48"]
[White "Morovic Fernandez, Ivan"]
[Black "Lujan, Carolina"]
[Result "1-0"]
[WhiteElo "2510"]
[BlackElo "2340"]
[Annotator "ChessBase"]
[PlyCount "71"]
[EventDate "2021.11.02"]
[EventType "swiss"]
[EventCountry "LAT"]
[SourceTitle "playchess.com"]
[Source "ChessBase"]
[SourceQuality "1"]

1. e4 c5 2. Nf3 Nc6 3. d4 cxd4 4. Nxd4 e5 5. Nb5 d6 6. N1c3 a6 7. Na3 Be7 8.
Nc4 b5 9. Ne3 Nf6 10. a3 O-O 11. Bd3 Be6 12. O-O Rc8 13. Ncd5 g6 14. c3 Nd7 15.
a4 bxa4 16. Bxa6 Rb8 17. Qxa4 Nc5 18. Qxc6 Bd7 19. Qc7 Ra8 20. Nxe7+ Qxe7 21.
Nd5 Qd8 22. Qxd8 Rfxd8 23. Bg5 Rdb8 24. b4 Nxa6 25. Nf6+ Kg7 26. Nxd7 Rb7 27.
b5 Nc7 28. Rxa8 Nxa8 29. Bf6+ Kg8 30. Ra1 Nc7 31. Bd8 Ne6 32. Nf6+ Kg7 33. Ne8+
Kf8 34. Nxd6 Rd7 35. Bf6 Rxd6 36. Ra8+ 1-0

[Event "Lindores Abbey Tal Blitz 2021"]
[Site "Riga"]
[Date "2021.11.08"]
[Round "5.49"]
[White "Tregubov, Pavel V."]
[Black "Budisavljevic, Luka"]
[Result "1-0"]
[WhiteElo "2537"]
[BlackElo "2511"]
[Annotator "ChessBase"]
[PlyCount "49"]
[EventDate "2021.11.02"]
[EventType "swiss"]
[EventCountry "LAT"]
[SourceTitle "playchess.com"]
[Source "ChessBase"]
[SourceQuality "1"]

1. e4 c5 2. Nf3 a6 3. c3 d5 4. exd5 Qxd5 5. d4 Nf6 6. Be2 e6 7. O-O Be7 8. c4
Qd8 9. dxc5 Qxd1 10. Rxd1 Bxc5 11. Nc3 Nbd7 12. a3 O-O 13. b4 Be7 14. c5 Rd8
15. Bf4 Nf8 16. Ne5 a5 17. Nc4 axb4 18. axb4 Rxa1 19. Rxa1 Bd7 20. Bc7 Rc8 21.
Bd6 Bd8 22. Bf3 Bc6 23. Bxc6 bxc6 24. Nb6 Rc7 25. Ra8 1-0

[Event "Lindores Abbey Tal Blitz 2021"]
[Site "Riga"]
[Date "2021.11.08"]
[Round "5.50"]
[White "Melia, Salome"]
[Black "Dzagnidze, Nana"]
[Result "1-0"]
[WhiteElo "2371"]
[BlackElo "2524"]
[Annotator "ChessBase"]
[PlyCount "95"]
[EventDate "2021.11.02"]
[EventType "swiss"]
[EventCountry "LAT"]
[SourceTitle "playchess.com"]
[Source "ChessBase"]
[SourceQuality "1"]

1. e4 c5 2. Nf3 d6 3. Bb5+ Nd7 4. Ba4 Ngf6 5. O-O g6 6. c4 Bg7 7. Nc3 O-O 8. d3
Ne5 9. Nxe5 dxe5 10. Be3 b6 11. h3 Ne8 12. a3 Bd7 13. Bxd7 Qxd7 14. b4 cxb4 15.
axb4 Nc7 16. b5 Rfd8 17. Qb3 Ne6 18. Rfd1 Nd4 19. Qb2 f5 20. Nd5 Rf8 21. exf5
Nxf5 22. Qe2 Qb7 23. Ra2 Nd6 24. Qg4 Nf5 25. Qe4 Kh8 26. Bg5 Nd6 27. Qh4 e6 28.
Nc3 Nf5 29. Qe4 Qf7 30. Qg4 h6 31. Bc1 Rad8 32. Ne4 Rd7 33. Re2 Rfd8 34. Qf3
Kg8 35. Ra2 Nd6 36. Qxf7+ Nxf7 37. g3 Kf8 38. Be3 Ke8 39. Kf1 g5 40. Ke2 Ke7
41. Rda1 Ke8 42. Rxa7 Rxd3 43. Bxb6 R8d7 44. Ra8+ Nd8 45. Nc5 Rd2+ 46. Ke1 R7d6
47. Bc7 R6d4 48. Nxe6 1-0

[Event "Lindores Abbey Tal Blitz 2021"]
[Site "Riga"]
[Date "2021.11.08"]
[Round "5.51"]
[White "Javakhishvili, Lela"]
[Black "Socko, Monika"]
[Result "1-0"]
[WhiteElo "2446"]
[BlackElo "2393"]
[Annotator "NA"]
[PlyCount "83"]
[EventDate "2021.11.02"]
[EventType "swiss"]
[EventCountry "LAT"]
[SourceTitle "playchess.com"]
[Source "ChessBase"]
[SourceQuality "1"]

1. Nf3 e6 2. g3 b6 3. Bg2 Bb7 4. b3 c5 5. Bb2 Nf6 6. O-O Be7 7. d3 d5 8. c4 d4
9. e3 dxe3 10. fxe3 O-O 11. Nc3 Nc6 12. Qe2 Qc7 13. Rad1 Rad8 14. Kh1 Qb8 15.
d4 cxd4 16. exd4 Rfe8 17. a3 Bf8 18. b4 Ne7 19. Ne5 Bxg2+ 20. Qxg2 Qc8 21. g4
Ng6 22. g5 Nxe5 23. gxf6 Ng6 24. c5 bxc5 25. dxc5 Rxd1 26. Rxd1 e5 27. Ne4 Nf4
28. Qf3 Qf5 29. fxg7 Bxg7 30. Nd6 Qe6 31. Nxe8 Qxe8 32. c6 Qc8 33. b5 h6 34.
Rd7 Qe8 35. Qe4 Qe6 36. Rd8+ Bf8 37. c7 Qh3 38. Rd1 Bg7 39. Rg1 Kf8 40. a4 Bf6
41. Ba3+ Ke8 42. Qc6+ 1-0

[Event "Lindores Abbey Tal Blitz 2021"]
[Site "Riga"]
[Date "2021.11.08"]
[Round "5.52"]
[White "Kuybokarov, Temur"]
[Black "Rogule, Laura"]
[Result "1-0"]
[WhiteElo "2549"]
[BlackElo "2289"]
[Annotator "ChessBase"]
[PlyCount "55"]
[EventDate "2021.11.02"]
[EventType "swiss"]
[EventCountry "LAT"]
[SourceTitle "playchess.com"]
[Source "ChessBase"]
[SourceQuality "1"]

1. e4 c5 2. Nf3 Nc6 3. Bb5 g6 4. O-O Bg7 5. c3 Nf6 6. Re1 O-O 7. d4 d5 8. e5
Ne4 9. Bxc6 bxc6 10. Be3 Qb6 11. Qc1 c4 12. Nbd2 Nxd2 13. Nxd2 Bf5 14. b3 cxb3
15. axb3 a5 16. Bf4 c5 17. Be3 cxd4 18. Bxd4 Qc7 19. Nf1 Rfb8 20. Ra3 e6 21.
Ne3 Bd3 22. Qd2 Bb5 23. Ng4 Qe7 24. Rea1 Be8 25. Be3 h5 26. Bg5 Qf8 27. Nf6+
Kh8 28. Qf4 1-0

[Event "Lindores Abbey Tal Blitz 2021"]
[Site "Riga"]
[Date "2021.11.08"]
[Round "5.53"]
[White "Golsta, Madara"]
[Black "Cori T., Deysi"]
[Result "1-0"]
[WhiteElo "2003"]
[BlackElo "2396"]
[Annotator "NA"]
[PlyCount "74"]
[EventDate "2021.11.02"]
[EventType "swiss"]
[EventCountry "LAT"]
[SourceTitle "playchess.com"]
[Source "ChessBase"]
[SourceQuality "1"]

1. e4 d6 2. d4 g6 3. Nc3 Nf6 4. f4 Bg7 5. Nf3 O-O 6. e5 dxe5 7. fxe5 Nd5 8. Bc4
Nxc3 9. bxc3 c5 10. O-O Bg4 11. Be3 Nc6 12. h3 Bxf3 13. Rxf3 Rc8 14. Bb3 cxd4
15. cxd4 Na5 16. Qd2 b6 17. Raf1 Nxb3 18. axb3 b5 19. Kh1 Qd5 20. Ra1 Rc7 21.
Ra5 Qe4 22. Qd3 Qxd3 23. cxd3 Rb8 24. Bd2 Rd7 25. Bc3 b4 26. Bb2 Rc8 27. Rf2
Rdc7 28. Ba1 e6 29. Kh2 Bh6 30. Rfa2 Bf4+ 31. g3 Rc2+ 32. Kg1 Bxg3 33. Rxa7
Bf2+ 34. Kf1 Be3 35. Ra8 Rxa8 36. Rxa8+ Kg7 37. d5 Bg5 1-0

[Event "Lindores Abbey Tal Blitz 2021"]
[Site "Riga"]
[Date "2021.11.08"]
[Round "5.54"]
[White "Shuvalova, Polina"]
[Black "Bivol, Alina"]
[Result "1-0"]
[WhiteElo "2515"]
[BlackElo "2377"]
[Annotator "ChessBase"]
[PlyCount "87"]
[EventDate "2021.11.02"]
[EventType "swiss"]
[EventCountry "LAT"]
[SourceTitle "playchess.com"]
[Source "ChessBase"]
[SourceQuality "1"]

1. d4 d5 2. Bf4 Nf6 3. Nc3 Bf5 4. f3 c5 5. e3 Nc6 6. Bd3 Bg6 7. Nge2 e6 8. Nb5
Rc8 9. c3 a6 10. Na3 Bd6 11. Nc2 e5 12. dxe5 Nxe5 13. Bxg6 hxg6 14. Bg5 Be7 15.
Nf4 Ng8 16. Bxe7 Nxe7 17. Qe2 Qc7 18. O-O-O Rd8 19. h4 b5 20. h5 g5 21. Nd3
Nxd3+ 22. Qxd3 Rh6 23. Kb1 Kf8 24. e4 b4 25. cxb4 cxb4 26. Nxb4 Rb6 27. Nxd5
Nxd5 28. exd5 Kg8 29. h6 gxh6 30. Rd2 Qe5 31. Qd4 Qd6 32. Rc1 a5 33. a3 Rdb8
34. Rc3 Kh7 35. Qe4+ Kg7 36. Ka2 R8b7 37. g4 f6 38. Qd4 Rb8 39. Qc5 Qd8 40. d6
R8b7 41. d7 Rb5 42. Qc8 Rb8 43. Qxd8 Rxd8 44. Rc8 1-0

[Event "Lindores Abbey Tal Blitz 2021"]
[Site "Riga"]
[Date "2021.11.08"]
[Round "5.55"]
[White "Zhu, Jiner"]
[Black "Garifullina, Leya"]
[Result "0-1"]
[WhiteElo "2455"]
[BlackElo "2416"]
[Annotator "ChessBase"]
[PlyCount "50"]
[EventDate "2021.11.02"]
[EventType "swiss"]
[EventCountry "LAT"]
[SourceTitle "playchess.com"]
[Source "ChessBase"]
[SourceQuality "1"]

1. e4 c5 2. Nf3 d6 3. d4 cxd4 4. Nxd4 Nf6 5. Nc3 a6 6. Be3 e5 7. Nb3 Be6 8. f3
h5 9. Nd5 Bxd5 10. exd5 Nbd7 11. Qd2 g6 12. Be2 Bg7 13. O-O-O O-O 14. Kb1 b5
15. g4 Nb6 16. Bg5 hxg4 17. h4 gxf3 18. Bxf3 Nc4 19. Qg2 e4 20. Be2 Qe7 21. Nd4
Qe5 22. Bxc4 bxc4 23. Nc6 Qe8 24. h5 Nxd5 25. hxg6 fxg6 0-1

[Event "Lindores Abbey Tal Blitz 2021"]
[Site "Riga"]
[Date "2021.11.08"]
[Round "5.56"]
[White "Vantika Agrawal"]
[Black "Assaubayeva, Bibisara"]
[Result "0-1"]
[WhiteElo "2329"]
[BlackElo "2400"]
[Annotator "NA"]
[PlyCount "67"]
[EventDate "2021.11.02"]
[EventType "swiss"]
[EventCountry "LAT"]
[SourceTitle "playchess.com"]
[Source "ChessBase"]
[SourceQuality "1"]

1. d4 Nf6 2. c4 g6 3. Nc3 Bg7 4. e4 O-O 5. Be2 d6 6. Bg5 h6 7. Be3 c5 8. d5 e6
9. Qd2 exd5 10. exd5 Kh7 11. h4 b5 12. cxb5 a6 13. h5 g5 14. b6 Ng4 15. b7 Bxb7
16. Bxg4 f5 17. Qc2 Bc8 18. Be2 Nd7 19. O-O-O Kg8 20. f4 g4 21. Bd3 Nb6 22. Bf2
Rb8 23. b3 a5 24. Bb5 Bd7 25. Bxd7 Qxd7 26. Nge2 a4 27. Qd3 axb3 28. axb3 c4
29. Bxb6 cxd3 30. Rxd3 Rxb6 31. Kc2 Qb7 32. Na4 Rc8+ 33. Kd2 Rxb3 34. Ke1 0-1

[Event "Lindores Abbey Tal Blitz 2021"]
[Site "Riga"]
[Date "2021.11.08"]
[Round "5.57"]
[White "Eizaguerri Floris, Maria"]
[Black "Neiksans, Arturs"]
[Result "0-1"]
[WhiteElo "2328"]
[BlackElo "2575"]
[Annotator "ChessBase"]
[PlyCount "99"]
[EventDate "2021.11.02"]
[EventType "swiss"]
[EventCountry "LAT"]
[SourceTitle "playchess.com"]
[Source "ChessBase"]
[SourceQuality "1"]

1. e4 c5 2. Nf3 e6 3. c3 Nf6 4. e5 Nd5 5. d4 cxd4 6. cxd4 d6 7. Bc4 Be7 8. O-O
O-O 9. Bd2 Nc6 10. Nc3 Nb6 11. Bb3 Na5 12. Bc2 Bd7 13. Qe2 Bc6 14. exd6 Qxd6
15. Rad1 Bxf3 16. Qxf3 Nc6 17. Bf4 Qb4 18. Qe4 g6 19. Bb3 Rad8 20. Be3 Na5 21.
Bh6 Rfe8 22. Qe5 Bf8 23. Bxf8 Rxf8 24. Ne4 Nd7 25. Qg5 Nc6 26. Rd3 Qe7 27. Qh6
Rfe8 28. Rh3 Nf8 29. Ng5 f6 30. Bxe6+ Nxe6 31. Nxh7 Qg7 32. Qh4 g5 33. Nxf6+
Qxf6 34. Qh7+ Kf8 35. Rh6 Qf7 36. Qe4 Rxd4 37. Rh8+ Ke7 38. Rxe8+ Qxe8 39. Qh7+
Qf7 40. Qh8 Kd7 41. Qa8 Ned8 42. b4 Rxb4 43. Rd1+ Rd4 44. Rxd4+ Nxd4 45. Qxa7
Qc4 46. h3 Ne2+ 47. Kh2 Qf4+ 48. g3 Qf3 49. Qa4+ Nc6 50. Qd4+ 0-1

[Event "Lindores Abbey Tal Blitz 2021"]
[Site "Riga"]
[Date "2021.11.08"]
[Round "5.58"]
[White "Atalik, Ekaterina"]
[Black "Batsiashvili, Nino"]
[Result "0-1"]
[WhiteElo "2430"]
[BlackElo "2491"]
[Annotator "ChessBase"]
[PlyCount "50"]
[EventDate "2021.11.02"]
[EventType "swiss"]
[EventCountry "LAT"]
[SourceTitle "playchess.com"]
[Source "ChessBase"]
[SourceQuality "1"]

1. Nf3 d5 2. e3 g6 3. c4 Nf6 4. cxd5 Nxd5 5. Nc3 Bg7 6. Bc4 Nxc3 7. bxc3 O-O 8.
O-O c5 9. d4 Qc7 10. Qe2 b6 11. Bb2 Bb7 12. e4 Nc6 13. e5 e6 14. Rac1 Rfd8 15.
Rfd1 Ne7 16. Ng5 Nf5 17. Ne4 Qe7 18. Rd3 Rac8 19. g4 Nh4 20. Rh3 g5 21. Nd6
Rxd6 22. exd6 Qxd6 23. Ba6 Bxa6 24. Qxa6 Qc6 25. dxc5 Qg2# 0-1

[Event "Lindores Abbey Tal Blitz 2021"]
[Site "Riga"]
[Date "2021.11.08"]
[Round "5.59"]
[White "Zawadzka, Jolanta"]
[Black "Maltsevskaya, Aleksandra"]
[Result "1-0"]
[WhiteElo "2429"]
[BlackElo "2411"]
[Annotator "NA"]
[PlyCount "91"]
[EventDate "2021.11.02"]
[EventType "swiss"]
[EventCountry "LAT"]
[SourceTitle "playchess.com"]
[Source "ChessBase"]
[SourceQuality "1"]

1. e4 c5 2. Nf3 e6 3. c4 Nc6 4. d4 cxd4 5. Nxd4 Nf6 6. Nc3 Bb4 7. Nxc6 bxc6 8.
Bd3 e5 9. O-O O-O 10. Qe2 h6 11. a3 Bc5 12. Be3 Qe7 13. Bxc5 Qxc5 14. b4 Qe7
15. c5 a5 16. Bc4 axb4 17. axb4 Rb8 18. Rab1 d6 19. Na4 Bg4 20. f3 Be6 21. Kh1
Nh5 22. g3 dxc5 23. Nxc5 Bxc4 24. Qxc4 Rfd8 25. Rfd1 Qf6 26. Qc3 Qg5 27. Nd7
Ra8 28. Nxe5 Re8 29. Nxc6 Ra2 30. Rb2 Rxb2 31. Qxb2 Nxg3+ 32. hxg3 Qxg3 33. Qg2
Qc7 34. b5 Qb6 35. Rg1 g6 36. Qe2 Qc5 37. Rd1 Kh7 38. Kg2 Qg5+ 39. Kf1 Qh4 40.
Qc4 Qh3+ 41. Ke2 Qg2+ 42. Ke3 Qg5+ 43. Kd3 Qf4 44. Kc2 Ra8 45. Kb1 Qxf3 46. Rf1
1-0

[Event "Lindores Abbey Tal Blitz 2021"]
[Site "Riga"]
[Date "2021.11.08"]
[Round "5.60"]
[White "Girya, Olga"]
[Black "Martynov, Aleksandr"]
[Result "1/2-1/2"]
[WhiteElo "2402"]
[BlackElo "1648"]
[Annotator "NA"]
[PlyCount "129"]
[EventDate "2021.11.02"]
[EventType "swiss"]
[EventCountry "LAT"]
[SourceTitle "playchess.com"]
[Source "ChessBase"]
[SourceQuality "1"]

1. d4 Nf6 2. c4 e6 3. Nf3 b6 4. g3 Bb7 5. Bg2 Be7 6. O-O O-O 7. Nc3 Ne4 8. Bd2
Nxd2 9. Qxd2 d6 10. e4 Nd7 11. Rad1 a6 12. a3 h6 13. Rfe1 Re8 14. Qc2 Nf8 15.
e5 Rb8 16. Nd2 Bxg2 17. Kxg2 Qc8 18. Qe4 dxe5 19. dxe5 b5 20. cxb5 axb5 21. b4
c5 22. Rc1 Qa6 23. Nb3 Qxa3 24. Nxc5 Bxc5 25. bxc5 Qxc5 26. Red1 Qb6 27. Rb1 b4
28. Rd6 Qa5 29. Ne2 Ng6 30. f4 Ne7 31. Rd2 Nd5 32. Rbb2 Rec8 33. Nd4 Nc3 34.
Qf3 Qc5 35. Nb3 Qc7 36. Nd4 Nd5 37. Rb3 Qb7 38. Rdb2 Rc3 39. Rxc3 Nxc3 40. Nc6
Rc8 41. Nxb4 Qxf3+ 42. Kxf3 Nd5 43. Nxd5 exd5 44. Rd2 Rd8 45. Rd4 Kf8 46. f5
Ke7 47. Kf4 Rd7 48. Ra4 Rc7 49. Rd4 Rd7 50. g4 Kd8 51. e6 fxe6 52. fxe6 Rd6 53.
Ke5 Ke7 54. Rxd5 Rxe6+ 55. Kf5 Rf6+ 56. Ke5 Re6+ 57. Kf4 Rf6+ 58. Rf5 Rg6 59.
h4 Rc6 60. Re5+ Kf6 61. Re4 Kg6 62. Rd4 Kf6 63. Re4 Kg6 64. h5+ Kf6 65. Rd4
1/2-1/2

[Event "Lindores Abbey Tal Blitz 2021"]
[Site "Riga"]
[Date "2021.11.08"]
[Round "6.1"]
[White "Mamedov, Rauf"]
[Black "Kovalenko, Igor"]
[Result "1-0"]
[WhiteElo "2673"]
[BlackElo "2668"]
[Annotator "ChessBase"]
[PlyCount "83"]
[EventDate "2021.11.02"]
[EventType "swiss"]
[EventCountry "LAT"]
[SourceTitle "playchess.com"]
[Source "ChessBase"]
[SourceQuality "1"]

1. Nf3 c5 2. e4 e6 3. c3 Nf6 4. e5 Nd5 5. Bc4 Nb6 6. Bb3 d6 7. exd6 Bxd6 8. d4
Nc6 9. dxc5 Bxc5 10. Qxd8+ Kxd8 11. Nbd2 a5 12. Ne4 Be7 13. O-O a4 14. Rd1+ Ke8
15. Bc2 Nd5 16. c4 Ndb4 17. Bb1 f5 18. Nd6+ Bxd6 19. Rxd6 Ke7 20. Rd1 e5 21. a3
Na6 22. Bc2 e4 23. Nd4 Nc5 24. Be3 Nxd4 25. Bxd4 Ne6 26. Bc3 Kf7 27. f3 exf3
28. gxf3 Rd8 29. Bxf5 g6 30. Be4 Rxd1+ 31. Rxd1 Nc5 32. Rd8 Nxe4 33. fxe4 b6
34. Rh8 h5 35. Kf2 Ke6 36. Rf8 Bb7 37. Rf6+ Kd7 38. Rf7+ Kc6 39. Ke3 Re8 40.
Kf4 Re6 41. Be5 b5 42. cxb5+ 1-0

[Event "Lindores Abbey Tal Blitz 2021"]
[Site "Riga"]
[Date "2021.11.08"]
[Round "6.2"]
[White "Erigaisi Arjun"]
[Black "Howell, David W L"]
[Result "1-0"]
[WhiteElo "2627"]
[BlackElo "2648"]
[Annotator "ChessBase"]
[PlyCount "107"]
[EventDate "2021.11.02"]
[EventType "swiss"]
[EventCountry "LAT"]
[SourceTitle "playchess.com"]
[Source "ChessBase"]
[SourceQuality "1"]

1. c4 c6 2. Nf3 d5 3. e3 Nf6 4. Nc3 a6 5. d4 Bf5 6. Qb3 Ra7 7. a4 h6 8. a5 e6
9. Qb6 Qxb6 10. axb6 Ra8 11. c5 Nbd7 12. b4 Rb8 13. Nd2 e5 14. Nb3 g5 15. Na5
Bg7 16. f3 Ng8 17. Ne2 Bd3 18. Ng3 Bxf1 19. Rxf1 Ne7 20. Nh5 O-O 21. Nxg7 Kxg7
22. Bb2 f6 23. Kd2 Kg6 24. Bc3 e4 25. f4 f5 26. g3 Nf6 27. h3 Rg8 28. Rf2 g4
29. Rh2 h5 30. Rah1 gxh3 31. Rxh3 Rg7 32. Ke2 Kf7 33. Be1 Rh7 34. Bf2 Kg6 35.
Ra1 Neg8 36. Rhh1 Ne7 37. Ra3 Nc8 38. Rha1 Rd7 39. Nb3 Ne7 40. Be1 Kf7 41. R3a2
Ke6 42. Kf1 Rdd8 43. Rh2 Rg8 44. Bf2 Kd7 45. Ke2 Rg6 46. Na5 Rgg8 47. Rah1 Rh8
48. g4 fxg4 49. Bh4 Neg8 50. f5 Rh7 51. Bg3 Kc8 52. Be5 Ra8 53. Kf2 Rf7 54. Kg3
1-0

[Event "Lindores Abbey Tal Blitz 2021"]
[Site "Riga"]
[Date "2021.11.08"]
[Round "6.3"]
[White "Martirosyan, Haik M."]
[Black "Pichot, Alan"]
[Result "1-0"]
[WhiteElo "2624"]
[BlackElo "2630"]
[Annotator "ChessBase"]
[PlyCount "69"]
[EventDate "2021.11.02"]
[EventType "swiss"]
[EventCountry "LAT"]
[SourceTitle "playchess.com"]
[Source "ChessBase"]
[SourceQuality "1"]

1. d4 Nf6 2. c4 e6 3. Nf3 d5 4. Nc3 Bb4 5. cxd5 exd5 6. Bf4 Ne4 7. Rc1 Nc6 8.
Nd2 g5 9. Be3 Nxc3 10. bxc3 Bd6 11. h4 Bf4 12. Bxf4 gxf4 13. e3 fxe3 14. Qe2
Be6 15. Qxe3 Qd6 16. Bd3 O-O-O 17. O-O Rde8 18. Rfe1 Rhg8 19. g3 h6 20. Qf3 b6
21. Nf1 Kb7 22. Ne3 a6 23. Re2 Qd7 24. Rce1 Qd6 25. Kh2 Ka7 26. Qf6 h5 27. Ng2
Qa3 28. Rc2 Qe7 29. Qxe7 Nxe7 30. Nf4 Bg4 31. Rcc1 Ng6 32. Nxd5 Rxe1 33. Rxe1
Be6 34. Nf6 Rg7 35. Nxh5 1-0

[Event "Lindores Abbey Tal Blitz 2021"]
[Site "Riga"]
[Date "2021.11.08"]
[Round "6.4"]
[White "Niemann, Hans Moke"]
[Black "Paravyan, David"]
[Result "1-0"]
[WhiteElo "2635"]
[BlackElo "2642"]
[Annotator "ChessBase"]
[PlyCount "61"]
[EventDate "2021.11.02"]
[EventType "swiss"]
[EventCountry "LAT"]
[SourceTitle "playchess.com"]
[Source "ChessBase"]
[SourceQuality "1"]

1. c4 f5 2. Nf3 Nf6 3. b3 g6 4. Bb2 Bg7 5. g3 d6 6. Bg2 e5 7. O-O O-O 8. Nc3 c6
9. d3 Kh8 10. e3 Be6 11. b4 Nbd7 12. Qe2 a5 13. b5 Bg8 14. Rfd1 a4 15. Ba3 c5
16. Rac1 Qe7 17. d4 Nb6 18. Nxe5 Qc7 19. dxc5 dxc5 20. f4 Rae8 21. Nd5 Nbxd5
22. cxd5 Nd7 23. d6 Qc8 24. Nxd7 Qxd7 25. Rxc5 Rc8 26. Rc7 Qe6 27. Bd5 Qf6 28.
Rxg7 Kxg7 29. Bb2 Rc3 30. Bxg8 Kxg8 31. Qd2 1-0

[Event "Lindores Abbey Tal Blitz 2021"]
[Site "Riga"]
[Date "2021.11.08"]
[Round "6.5"]
[White "Shevchenko, Kirill"]
[Black "Caruana, Fabiano"]
[Result "0-1"]
[WhiteElo "2647"]
[BlackElo "2791"]
[Annotator "TA"]
[PlyCount "50"]
[EventDate "2021.11.02"]
[EventType "swiss"]
[EventCountry "LAT"]
[SourceTitle "playchess.com"]
[Source "ChessBase"]
[SourceQuality "1"]

1. e4 e5 2. Nf3 Nc6 3. Bb5 a6 4. Ba4 Nf6 5. Nc3 b5 6. Bb3 Be7 7. Nd5 O-O 8. d4
Nxd4 9. Nxd4 exd4 10. Qxd4 Bb7 11. Be3 d6 12. Qd3 c5 13. c4 Bxd5 14. exd5 Ng4
15. O-O Nxe3 16. Qxe3 Bf6 17. Rab1 Re8 18. Qd3 Qa5 19. Qf5 Bd4 20. Qf4 Re5 21.
g3 Rae8 22. Rbd1 Bxb2 23. Rd3 g6 24. Rf3 Rf5 25. Qg4 h5 0-1

[Event "Lindores Abbey Tal Blitz 2021"]
[Site "Riga"]
[Date "2021.11.08"]
[Round "6.7"]
[White "Navara, David"]
[Black "Deac, Bogdan-Daniel"]
[Result "0-1"]
[WhiteElo "2699"]
[BlackElo "2651"]
[Annotator "RC"]
[PlyCount "126"]
[EventDate "2021.11.02"]
[EventType "swiss"]
[EventCountry "LAT"]
[SourceTitle "playchess.com"]
[Source "ChessBase"]
[SourceQuality "1"]

1. e4 e5 2. Nf3 Nc6 3. Bc4 Bc5 4. c3 Nf6 5. d3 d6 6. O-O O-O 7. Re1 a5 8. h3 h6
9. Nbd2 Be6 10. Bb5 Nd7 11. Nf1 f5 12. exf5 Bxf5 13. Ng3 Bg6 14. d4 exd4 15.
cxd4 Bb6 16. a3 Nf6 17. Bc4+ Kh8 18. Be3 Ne7 19. d5 Bxe3 20. Rxe3 Bf7 21. Nd4
Nexd5 22. Re1 Qd7 23. Qd2 c6 24. Re2 a4 25. Rae1 Rae8 26. Ngf5 Bg6 27. Nxh6 Ne4
28. Qc1 gxh6 29. Qxh6+ Qh7 30. Qxh7+ Kxh7 31. f3 Nef6 32. Ne6 Rg8 33. Kf2 Bf7
34. Bd3+ Kh6 35. Nd4 Bg6 36. Rxe8 Rxe8 37. Rxe8 Nxe8 38. Nf5+ Kg5 39. h4+ Kf6
40. g4 Nf4 41. Bc2 d5 42. Ke3 Ke5 43. h5 Bxf5 44. Bxf5 Nxh5 45. Bc2 Nf4 46.
Bxa4 Ng7 47. Bc2 Nge6 48. b4 Ng5 49. a4 d4+ 50. Kf2 d3 51. Bd1 Kd4 52. a5 Nge6
53. Ba4 Kc4 54. Ke3 Kxb4 55. a6 bxa6 56. Bxc6 Kc3 57. g5 d2 58. Ba4 Nd5+ 59.
Ke4 Nb6 60. Bd1 Nxg5+ 61. Ke5 Nxf3+ 62. Bxf3 a5 63. Bd1 a4 0-1

[Event "Lindores Abbey Tal Blitz 2021"]
[Site "Riga"]
[Date "2021.11.08"]
[Round "6.8"]
[White "Svidler, Peter"]
[Black "Adhiban, B.."]
[Result "1-0"]
[WhiteElo "2694"]
[BlackElo "2672"]
[Annotator "ChessBase"]
[PlyCount "135"]
[EventDate "2021.11.02"]
[EventType "swiss"]
[EventCountry "LAT"]
[SourceTitle "playchess.com"]
[Source "ChessBase"]
[SourceQuality "1"]

1. e4 e5 2. Nf3 Nc6 3. Bb5 f5 4. d3 fxe4 5. dxe4 Nf6 6. O-O d6 7. Nc3 Be7 8.
Bc4 Na5 9. Be2 O-O 10. Nd5 Kh8 11. Nxe7 Qxe7 12. Be3 Be6 13. Nd2 Rad8 14. b4
Nc6 15. c3 Qf7 16. b5 Na5 17. Qa4 b6 18. c4 Qg6 19. f3 Nh5 20. Rf2 Nf4 21. Kh1
Qh5 22. Bf1 Rf6 23. Qc2 Rdf8 24. Re1 Nb7 25. Nb1 Rh6 26. g3 g5 27. gxf4 gxf4
28. Bc1 Nc5 29. Nc3 Bd7 30. Be2 Ne6 31. Rg1 Nd4 32. Qd1 Qh4 33. Rfg2 Bh3 34.
Bf1 Bxg2+ 35. Rxg2 Qh3 36. Rf2 Qg3 37. Rg2 Qxf3 38. Qxf3 Nxf3 39. Be2 Nd4 40.
Bd1 Rh3 41. Nd5 Rd3 42. Bh5 f3 43. Rg1 Ne2 44. Rf1 Kg7 45. Bg5 h6 46. Be7 Nd4
47. Bxf8+ Kxf8 48. Nxc7 Ke7 49. Nd5+ Kd7 50. Bg4+ Ke8 51. Kg1 Kf7 52. Bh5+ Kg7
53. Kf2 Rd2+ 54. Kg3 Rg2+ 55. Kh3 Rxa2 56. Bxf3 Ra3 57. Kg2 Kg6 58. h4 Ra4 59.
Bg4 Rxc4 60. Ne7+ Kg7 61. Bh5 Rc2+ 62. Kh1 Ne6 63. Rf7+ Kh8 64. Bg6 Rc1+ 65.
Kh2 Rc2+ 66. Kg1 Rc1+ 67. Kf2 Rc2+ 68. Ke1 1-0

[Event "Lindores Abbey Tal Blitz 2021"]
[Site "Riga"]
[Date "2021.11.08"]
[Round "6.9"]
[White "Xiong, Jeffery"]
[Black "Kryvoruchko, Yuriy"]
[Result "1/2-1/2"]
[WhiteElo "2687"]
[BlackElo "2681"]
[Annotator "ChessBase"]
[PlyCount "119"]
[EventDate "2021.11.02"]
[EventType "swiss"]
[EventCountry "LAT"]
[SourceTitle "playchess.com"]
[Source "ChessBase"]
[SourceQuality "1"]

1. d4 Nf6 2. Nf3 e6 3. Bf4 b6 4. e3 Bb7 5. Bd3 d5 6. Nbd2 Bd6 7. Qe2 Ne4 8. h4
Nd7 9. c3 Qe7 10. Bg5 f6 11. Bf4 O-O 12. h5 c5 13. Bxd6 Qxd6 14. Rd1 f5 15. c4
cxd4 16. exd4 Ndf6 17. h6 g6 18. Ne5 Nxd2 19. Rxd2 dxc4 20. Nxc4 Qe7 21. f3
Rad8 22. Bc2 Rfe8 23. Bb3 Bd5 24. O-O Nh5 25. Qe5 Qg5 26. Re2 Qf4 27. Rfe1 Qxe5
28. Rxe5 Nf4 29. R1e3 Kf8 30. g3 Bxc4 31. Bxc4 Rxd4 32. Bb5 Nd5 33. Bxe8 Nxe3
34. Rxe6 Rd1+ 35. Kf2 Nd5 36. Ba4 Rd2+ 37. Ke1 Rxb2 38. Re8+ Kf7 39. Ra8 Nf6
40. Rxa7+ Ke6 41. Bb3+ Ke5 42. Rf7 Nd5 43. Rxh7 Ne3 44. Re7+ Kd4 45. h7 Rh2 46.
Bg8 g5 47. Rd7+ Kc3 48. f4 g4 49. Rd8 b5 50. Rd7 b4 51. Bb3 Nc2+ 52. Bxc2 Kxc2
53. Rd2+ Rxd2 54. h8=Q Rd1+ 55. Ke2 Rd2+ 56. Ke1 Rd1+ 57. Kf2 Rd2+ 58. Ke3 Rd3+
59. Ke2 Rd2+ 60. Ke1 1/2-1/2

[Event "Lindores Abbey Tal Blitz 2021"]
[Site "Riga"]
[Date "2021.11.08"]
[Round "6.10"]
[White "Anton Guijarro, David"]
[Black "Adly, Ahmed"]
[Result "1/2-1/2"]
[WhiteElo "2669"]
[BlackElo "2602"]
[Annotator "ChessBase"]
[PlyCount "122"]
[EventDate "2021.11.02"]
[EventType "swiss"]
[EventCountry "LAT"]
[SourceTitle "playchess.com"]
[Source "ChessBase"]
[SourceQuality "1"]

1. Nf3 d5 2. b3 Nf6 3. Bb2 e6 4. c4 b6 5. cxd5 Nxd5 6. d4 Bb7 7. e4 Bb4+ 8.
Nfd2 Nf6 9. Bb5+ Nbd7 10. f3 a6 11. Be2 O-O 12. O-O Be7 13. Kh1 c5 14. Nc4 b5
15. Ne3 cxd4 16. Bxd4 Qc7 17. Qc1 Qb8 18. a4 Nh5 19. axb5 axb5 20. Rxa8 Bxa8
21. Nc3 Rc8 22. Qd2 Bb4 23. Nc2 Bxc3 24. Bxc3 Qc7 25. Ba5 Qxc2 26. Qxd7 Nf4 27.
Rd1 h5 28. Bf1 h4 29. Qxc8+ Qxc8 30. Rd8+ Qxd8 31. Bxd8 h3 32. gxh3 f5 33. Bc7
Ng6 34. exf5 Bxf3+ 35. Kg1 exf5 36. Bxb5 Kf7 37. b4 Ne7 38. Bc4+ Bd5 39. Be2
Nc6 40. Bd6 Nd4 41. Bd1 Ke6 42. Bf8 g5 43. Kf2 Nb5 44. Bc5 Nc3 45. Bc2 Ne4+ 46.
Ke3 Bc6 47. Kd4 Nd2 48. Bd3 Nf3+ 49. Ke3 f4+ 50. Kf2 Ne5 51. Be2 Be4 52. b5
Nd3+ 53. Bxd3 Bxd3 54. b6 Be4 55. Bd4 Kf5 56. Bc3 Kg6 57. Bb4 Kh5 58. Be7 Kh4
59. Bd8 Bb7 60. Be7 Kxh3 61. Bxg5 Kxh2 1/2-1/2